[Event "?"]
[Site "15th ETC Women, Gothenburg SWE"]
[Date "2005.??.??"]
[Round "4"]
[White "Vajda, Szidonia"]
[Black "Ciuksyte, Dagne"]
[Result "0-1"]
[WhiteElo "2390"]
[BlackElo "2340"]

1. e4 c5 2. Nf3 e6 3. d4 cxd4 4. Nxd4 a6 5. Bd3 Bc5 6. Nb3 Be7 7. Qg4 g6 8.
Qe2 d6 9. O-O Nd7 10. a4 b6 11. Be3 Ngf6 12. Bh6 Bf8 13. Bxf8 Kxf8 14. N1d2
Qc7 15. f4 Kg7 16. Rae1 e5 17. Qf2 Bb7 18. Kh1 Rhf8 19. Qh4 Rae8 20. f5 d5
21. Re3 Qd8 22. Rh3 Nh5 23. Qxd8 Rxd8 24. exd5 Nf4 25. Rg3 Bxd5 26. Be4 Nf6
27. Bxd5 Rxd5 28. fxg6 hxg6 29. Nc4 b5 30. Ne3 Rdd8 31. a5 Ne4 32. Rgf3 f5
33. g3 Nh3 34. Re1 Rh8 35. Nf1 Nhg5 36. Rfe3 Nf2+ 37. Kg2 Ng4 38. Rc3 f4
39. gxf4 exf4 40. Rc7+ Kf8 41. Nc5 Rxh2+ 42. Nxh2 Rd2+ 0-1

[Event "?"]
[Site "NED Ch Amsterdam/Drachten"]
[Date "1982.??.??"]
[Round "?"]
[White "Kuijf, Hans"]
[Black "Langeweg, Kick"]
[Result "1-0"]
[WhiteElo "2320"]
[BlackElo "2410"]

1. e4 c5 2. Nf3 e6 3. d4 cxd4 4. Nxd4 a6 5. Bd3 Bc5 6. Nb3 Bb6 7. O-O Nc6
8. Qe2 d6 9. Be3 Nf6 10. N1d2 Bc7 11. f4 Bb6 12. Kh1 Bxe3 13. Qxe3 e5 14.
f5 O-O 15. Rad1 b5 16. Be2 Bb7 17. g4 h6 18. Rg1 Nd4 19. Nxd4 exd4 20. Qxd4
Re8 21. Bf3 Re5 22. g5 hxg5 23. Rxg5 Rc8 24. Rdg1 Ne8 25. c3 Qf6 26. R5g3
d5 27. exd5 Rxf5 28. Qxf6 Rxf6 29. Kg2 Rf4 30. Re1 Nd6 31. Re7 Rd8 32. Rg5
Bc8 33. Rge5 Bd7 34. Re2 Rh4 35. Nb3 Nf5 36. R7e4 Rh6 37. Nc5 Nh4+ 38. Kf2
Nxf3 39. Kxf3 Rd6 40. Nb7 Rf6+ 41. Rf4 Rxf4+ 42. Kxf4 Rc8 43. Re7 Bh3 44.
Kg3 Bf5 45. Nd6 1-0

[Event "?"]
[Site "Open Benasque ESP"]
[Date "1998.??.??"]
[Round "?"]
[White "Hidalgo Mena, Andres"]
[Black "Spassov, Liuben D"]
[Result "0-1"]
[WhiteElo "2285"]
[BlackElo "2440"]

1. e4 c5 2. Nf3 e6 3. d4 cxd4 4. Nxd4 a6 5. Bd3 Bc5 6. Nb3 Be7 7. O-O d6 8.
a4 b6 9. Be3 Nf6 10. Nc3 Bb7 11. Qe2 Qc7 12. f4 Nbd7 13. Bd4 e5 14. fxe5
dxe5 15. Be3 O-O 16. Kh1 Qc8 17. Rad1 Bc6 18. Qf3 Qb7 19. Nd5 Bd8 20. Bg5
Re8 21. Nd2 b5 22. axb5 axb5 23. b4 Rb8 24. c4 bxc4 25. Nxc4 Re6 26. Nce3
Nb6 27. Bxf6 Bxf6 28. Nxb6 Qxb6 29. Bc4 Re7 30. Rd6 Qc7 31. Nf5 Kh8 32. Rc1
Bg5 33. Rc3 Rd7 34. Qd3 g6 35. Rxd7 Qxd7 36. Nd6 Ra8 37. h4 Bf4 38. g3 Qh3+
0-1

[Event "?"]
[Site "12th Young Masters, Zug SUI"]
[Date "2005.??.??"]
[Round "7"]
[White "Zenklusen, Rico"]
[Black "Van Delft, Merijn"]
[Result "1/2-1/2"]
[WhiteElo "2340"]
[BlackElo "2385"]

1. e4 c5 2. Nf3 e6 3. d4 cxd4 4. Nxd4 a6 5. Bd3 Bc5 6. Nb3 Be7 7. Nc3 d6 8.
f4 b6 9. Be3 Bb7 10. Qe2 Nc6 11. Na4 b5 12. Nb6 Rb8 13. a4 Nf6 14. axb5
axb5 15. Bxb5 O-O 16. Bd3 Nb4 17. Na5 Bxe4 18. Bxe4 Nxe4 19. c3 d5 20. O-O
Rxb6 21. cxb4 Bxb4 22. Nb3 Bd6 23. Nd4 Qf6 24. b3 Bc5 25. Qd3 h6 26. f5 e5
27. Nc2 Qc6 28. b4 Bxe3+ 29. Nxe3 Nf6 30. Rab1 Rfb8 31. Rfd1 Rxb4 32. Rxb4
Rxb4 33. Nxd5 Nxd5 34. Qxd5 Qxd5 35. Rxd5 f6 36. g3 Rb1+ 37. Kf2 Rb2+ 38.
Kg1 h5 39. h4 Rb7 40. Rd8+ Kh7 41. Kf2 g6 42. fxg6+ Kxg6 43. Rh8 Rh7 44.
Ra8 Kf5 45. Rg8 Ra7 46. Rh8 Ra2+ 47. Ke3 Ra3+ 48. Kf2 e4 49. Re8 Rb3 50.
Re7 Rb8 51. Ke3 Rb2 52. Re8 Ra2 53. Re7 Rg2 54. Rg7 Ke5 55. Rg8 f5 56. Re8+
Kf6 57. Rf8+ Ke6 58. Rg8 Ra2 59. Rg6+ Ke5 60. Rg8 Ra3+ 61. Ke2 Rf3 62. Rg7
Kf6 63. Rg8 Ra3 64. Rf8+ Kg6 65. Rg8+ Kf7 66. Rg5 Kf6 67. Kf2 Rf3+ 68. Ke2
Ke5 69. Rg8 Rc3 70. Re8+ Kd4 71. Rd8+ Kc4 72. Rc8+ Kb3 73. Rf8 Rf3 74. Rf7
Kc3 75. Rc7+ Kd4 76. Rd7+ Ke5 77. Rg7 Ra3 78. Rg8 Ra5 79. Re8+ Kd4 80. Rd8+
Rd5 81. Rh8 Rb5 82. Rd8+ Ke5 83. Re8+ Kf6 84. Rg8 Rb7 85. Kf2 Rg7 86. Rf8+
Kg6 87. Ra8 Rf7 88. Ke3 Re7 89. Rg8+ Kf6 90. Rf8+ Ke5 91. Rg8 Re6 92. Rg7
Rd6 93. Rg8 Rd3+ 94. Ke2 Rc3 95. Re8+ Kf6 96. Rf8+ 1/2-1/2

[Event "?"]
[Site "ch-ARG s/f, Buenos Aires ARG"]
[Date "2006.??.??"]
[Round "4"]
[White "Obregon, A"]
[Black "Diaz, Nahuel"]
[Result "0-1"]
[WhiteElo "2310"]
[BlackElo "2415"]

1. e4 c5 2. Nf3 e6 3. d4 cxd4 4. Nxd4 a6 5. Nc3 Bc5 6. Be3 Qc7 7. Qg4 Bf8
8. f4 Nf6 9. Qg3 d6 10. O-O-O Nbd7 11. Kb1 g6 12. Be2 Bg7 13. f5 e5 14.
Ndb5 axb5 15. Nxb5 Qb8 16. Nxd6+ Qxd6 17. Rxd6 Nxe4 18. f6 Bxf6 19. Qf3
Nxd6 20. Qd5 Be7 21. g4 O-O 22. g5 Nf5 23. Qe4 Nc5 24. Bxc5 Bxc5 25. a3 Re8
26. Bb5 Nd6 27. Qd5 Nxb5 28. Qxc5 Nd4 29. Re1 Bf5 30. Rxe5 Bxc2+ 31. Ka2
Bb3+ 32. Kb1 Nf3 33. Re3 Rxe3 34. Qxe3 Rd8 35. Qxf3 Rd1+ 36. Qxd1 Bxd1 37.
Kc1 Ba4 0-1

[Event "?"]
[Site "Masters, Berkeley USA"]
[Date "2005.??.??"]
[Round "7"]
[White "Ishkanov, T"]
[Black "Kustar, Sandor"]
[Result "1/2-1/2"]
[WhiteElo "2350"]
[BlackElo "2375"]

1. e4 c5 2. Nf3 e6 3. d4 cxd4 4. Nxd4 a6 5. Bd3 Bc5 6. Nb3 Be7 7. O-O d6 8.
c4 Nf6 9. Nc3 Nc6 10. f4 b6 11. Be3 Bd7 12. Rc1 O-O 13. a3 Qb8 14. g4 Rc8
15. g5 Ne8 16. Qh5 g6 17. Qh4 Ng7 18. Nd4 Bd8 19. Nxc6 Bxc6 20. f5 b5 21.
f6 Bb6 22. Qf2 Bxe3 23. Qxe3 Ne8 24. cxb5 axb5 25. Nxb5 e5 26. Rc2 Bxb5 27.
Rxc8 Qxc8 28. Bxb5 Nc7 29. Bc4 Ne6 30. Bxe6 Qxe6 31. h3 h6 32. gxh6 Kh7 33.
Rf2 Qa2 34. Kh2 Qb1 35. Qb3 Ra7 36. Qb8 Rxa3 37. Qf8 Rxh3+ 38. Kxh3 Qh1+
39. Kg3 Qg1+ 40. Kf3 Qh1+ 41. Ke3 Qc1+ 42. Kd3 Qd1+ 43. Kc4 Qd4+ 44. Kb5
Qc5+ 45. Ka4 Qc6+ 46. Ka3 Qa6+ 47. Kb3 Qb6+ 48. Kc3 Qd4+ 49. Kb3 Qb6+ 50.
Kc4 Qd4+ 51. Kb5 Qc5+ 52. Ka6 Qc6+ 53. Ka7 Qc7+ 54. Ka8 Qc6+ 55. Kb8 Qb6+
56. Kc8 Qc6+ 57. Kd8 Qb6+ 58. Ke8 Qc6+ 59. Kxf7 Qc4+ 60. Ke7 Qc7+ 61. Ke6
Qc4+ 62. Kd7 Qb5+ 63. Kc7 Qc5+ 64. Kd8 Qb6+ 65. Kd7 Qb5+ 1/2-1/2

[Event "?"]
[Site "Team Ch NED"]
[Date "2000.??.??"]
[Round "?"]
[White "Donk, Merlijn Silvester"]
[Black "Van Haastert, Edwin"]
[Result "0-1"]
[WhiteElo "2310"]
[BlackElo "2415"]

1. d4 e6 2. Nf3 c5 3. e4 cxd4 4. Nxd4 a6 5. Bd3 Bc5 6. Nb3 Be7 7. O-O d6 8.
f4 Nd7 9. N1d2 Ngf6 10. Nf3 Qc7 11. Qe2 e5 12. Nh4 g6 13. f5 Nh5 14. g3 Nf4
15. gxf4 Bxh4 16. fxg6 hxg6 17. Be3 exf4 18. Bd4 Ne5 19. Rxf4 Bg5 20. Rf2
Bg4 21. Qf1 Bh3 22. Qe2 Bh4 23. Rf4 Qe7 24. Kh1 Bg3 25. Rf2 Bg4 26. Qe3
Bxf2 27. Qxf2 O-O-O 28. Na5 Nf3 29. Bxh8 Rxh8 30. Nc4 Rxh2+ 31. Qxh2 Nxh2
32. Kxh2 Qh4+ 33. Kg2 Qh3+ 34. Kf2 Qf3+ 35. Ke1 Qh1+ 0-1

[Event "?"]
[Site "Milanowek Open"]
[Date "2001.??.??"]
[Round "?"]
[White "Wiech, Grzegorz"]
[Black "Protaziuk, Grzegorz"]
[Result "1-0"]
[WhiteElo "2365"]
[BlackElo "2360"]

1. e4 c5 2. Nf3 e6 3. d4 cxd4 4. Nxd4 a6 5. Bd3 Bc5 6. Nb3 Be7 7. O-O Nc6
8. Nc3 Nf6 9. f4 d6 10. Qf3 Qc7 11. Kh1 O-O 12. Bd2 g6 13. Rae1 Nd7 14. Qh3
Bf6 15. Nd1 Bg7 16. c3 b5 17. Nf2 Nf6 18. Bb1 e5 19. f5 d5 20. Qh4 dxe4 21.
Bg5 e3 22. Rxe3 Nd5 23. Rh3 h5 24. Rf3 f6 25. Bc1 Nce7 26. fxg6 Qc4 27.
Qxc4 bxc4 28. Na5 f5 29. Nxc4 e4 30. Rh3 Be6 31. Na5 Nf6 32. Re3 Nxg6 33.
Ree1 Ne5 34. Nh3 Rab8 35. Ng5 Bd7 36. Bf4 Rb5 37. Nb3 Nd5 38. Bxe5 Bxe5 39.
c4 Rxb3 40. axb3 Nb4 41. Rd1 Bc8 42. Nxe4 Bxb2 43. Nd6 1-0

[Event "IM Multicoms"]
[Site "Paris FRA"]
[Date "2006.12.13"]
[Round "1"]
[White "Strugnell, C"]
[Black "Tissir, Mohamed"]
[Result "0-1"]
[WhiteElo "2233"]
[BlackElo "2490"]

1. e4 c5 2. Nf3 e6 3. Nc3 a6 4. d4 cxd4 5. Nxd4 Bc5 6. Nb3 Be7 7. Bd3 d6 8.
Qg4 g6 9. Qe2 Nd7 10. Be3 b6 11. f4 Ngf6 12. O-O Bb7 13. Nd4 Qc7 14. a4 h5
15. Kh1 h4 16. Nf3 Nh5 17. f5 gxf5 18. exf5 e5 19. Bc4 Ndf6 20. Rad1 h3 21.
gxh3 Ng7 22. Nd5 Nxd5 23. Bxd5 Nxf5 24. Ng5 Bxd5+ 25. Rxd5 Nxe3 26. Qxe3
Bxg5 27. Qxg5 Rd8 28. Qf5 Rd7 29. b3 Rg8 30. c4 Qb7 31. Rg1 Rf8 32. Rg2 Qa8
33. h4 Qd8 34. h5 Qh4 35. Re2 Qe7 36. a5 bxa5 37. Rxa5 Rg8 38. Rxa6 Rd8 39.
h6 Qb7+ 40. Qe4 Qxa6 41. h7 Rh8 42. b4 Qa8 0-1

[Event "?"]
[Site "Tashkent UZB"]
[Date "1987.??.??"]
[Round "?"]
[White "Ziatdinov, Raset"]
[Black "Loginov, Valery A"]
[Result "0-1"]
[WhiteElo "2365"]
[BlackElo "2355"]

1. e4 c5 2. Nf3 e6 3. d4 cxd4 4. Nxd4 a6 5. Bd3 Bc5 6. Nb3 Be7 7. Nc3 d6 8.
f4 Qc7 9. Be3 Nf6 10. Qf3 b5 11. g4 b4 12. Ne2 Bb7 13. g5 Nfd7 14. Qh3 g6
15. O-O Nc6 16. f5 exf5 17. exf5 Nce5 18. Nbd4 gxf5 19. Nxf5 Bf8 20. Rf4
Rg8 21. Rxb4 h6 22. Nc3 d5 23. Rd4 Bc5 24. Nxd5 Qd8 25. Kf1 Qb8 26. Qxh6
Bxd5 27. Rxd5 Ng4 28. Re1 Nxe3+ 29. Kg1 Qf4 30. Ng3 Be7 31. Qc6 Rd8 32.
Rxd7 Rxd7 33. Bxa6 Rxg5 0-1

[Event "?"]
[Site "Ch Open Zalakaros"]
[Date "2001.??.??"]
[Round "?"]
[White "Felegyhazi, Laszlo"]
[Black "Sziebert, Adam"]
[Result "1-0"]
[WhiteElo "2320"]
[BlackElo "2400"]

1. e4 c5 2. Nf3 e6 3. d4 cxd4 4. Nxd4 a6 5. Bd3 Bc5 6. Nb3 Be7 7. Qe2 d6 8.
Nc3 Nf6 9. g4 d5 10. exd5 Nxd5 11. Nxd5 Qxd5 12. Be4 Qd6 13. Bd2 Nd7 14.
O-O-O O-O 15. Kb1 Qc7 16. g5 a5 17. Bc3 e5 18. Rd3 g6 19. a4 Bxg5 20. h4
Bf4 21. Rf3 Nb6 22. Rxf4 exf4 23. h5 Nxa4 24. Bd4 g5 25. Qb5 h6 26. Qxa4
Bd7 27. Qa3 Rfe8 28. f3 a4 29. Nc5 Bc6 30. Bxc6 Qxc6 31. Ne4 Rxe4 32. fxe4
Qxe4 33. Rd1 Rd8 34. Qc3 Qf5 35. Re1 Rc8 36. Qd2 f3 37. Bc3 Kh7 38. Qd4 Rg8
39. Re8 f2 40. Qh8+ 1-0

[Event "?"]
[Site "zt"]
[Date "2005.??.??"]
[Round "7"]
[White "Shen Yang"]
[Black "Li Ruofan"]
[Result "1-0"]
[WhiteElo "2325"]
[BlackElo "2395"]

1. e4 c5 2. Nf3 e6 3. d4 cxd4 4. Nxd4 a6 5. Bd3 Bc5 6. Nb3 Be7 7. Nc3 d6 8.
O-O Nf6 9. a4 b6 10. f4 Nbd7 11. Qe2 Qc7 12. Bd2 Bb7 13. Rae1 e5 14. Bc4
O-O 15. f5 Rfc8 16. Bd3 Re8 17. Qf3 Nc5 18. Nxc5 Qxc5+ 19. Kh1 Rad8 20. Qh3
Qc8 21. Be3 Qc7 22. Bg5 h6 23. Be3 Bf8 24. Qg3 Kh8 25. Qh4 Be7 26. Bxh6 Nh7
27. f6 Bxf6 28. Rxf6 gxf6 29. Rf1 Rg8 30. Nd5 Bxd5 31. exd5 Rg6 32. Rf3 e4
33. Bxe4 Qc4 34. Rf4 Qd4 35. h3 Qxb2 36. Bxg6 fxg6 37. Re4 g5 38. Qh5 Rg8
39. Kh2 Qc1 40. Qf7 Qd2 41. Bg7+ 1-0

[Event "?"]
[Site "WJun Yerevan ARM"]
[Date "2006.??.??"]
[Round "13"]
[White "Toufighi, H"]
[Black "Kozlov, R"]
[Result "1-0"]
[WhiteElo "2385"]
[BlackElo "2335"]

1. e4 c5 2. Nf3 e6 3. d4 cxd4 4. Nxd4 a6 5. Bd3 Bc5 6. Nb3 Be7 7. O-O d6 8.
a4 b6 9. Nc3 Nf6 10. f4 Qc7 11. Qf3 Bb7 12. Qh3 Nbd7 13. Kh1 h5 14. Be3 g6
15. Bg1 h4 16. Rae1 Nh5 17. Bd4 Rh7 18. Qe3 O-O-O 19. a5 b5 20. Rf3 Nc5 21.
Rd1 Kb8 22. Kg1 Nxb3 23. Bb6 Qd7 24. cxb3 Rg8 25. Bf1 f5 26. Qd4 Nxf4 27.
e5 Bxf3 28. gxf3 g5 29. exd6 Bd8 30. Bxd8 Rxd8 31. Qb6+ Ka8 32. Nxb5 axb5
33. Bxb5 Qa7 34. Bc6+ Rb7 35. Bxb7+ Kb8 36. Qxa7+ Kxa7 37. Bc6 Nd5 38. d7
Kb8 39. Rd4 Nf4 40. Bb5 Kc7 41. Rc4+ Kd6 42. Rc8 Ke7 43. a6 Nd5 44. a7 Nb6
45. Rb8 Na8 46. Bc6 Nc7 47. Rc8 1-0

[Event "?"]
[Site "Open 9th Seefeld"]
[Date "1998.??.??"]
[Round "?"]
[White "Lawitsch, Guenther"]
[Black "Hoffmann, Michael"]
[Result "0-1"]
[WhiteElo "2275"]
[BlackElo "2440"]

1. e4 c5 2. Nf3 e6 3. d4 cxd4 4. Nxd4 a6 5. Bd3 Bc5 6. Nb3 Be7 7. O-O d6 8.
c4 Nf6 9. Nc3 O-O 10. Be3 b6 11. Qe2 Bb7 12. Rfd1 Qc7 13. Rac1 Nbd7 14. Nd4
Nc5 15. f3 Nxd3 16. Qxd3 Rac8 17. b3 Qb8 18. Qe2 Ba8 19. Qf2 Rfe8 20. Nde2
b5 21. cxb5 axb5 22. Nf4 b4 23. Na4 Rxc1 24. Rxc1 d5 25. exd5 Bd6 26. Ba7
Qb5 27. Ne2 Nxd5 28. Rc4 Qa6 29. Bc5 Bc6 30. Bxd6 Bxa4 31. Be5 Bb5 32. Rc2
f6 33. Ba1 Bd3 34. Rd2 Rc8 35. h3 Kf7 36. Bd4 Bxe2 37. Qxe2 Rc1+ 38. Kf2
Qc6 39. Bb2 Qc5+ 40. Bd4 Qc7 41. Qe4 Qh2 42. Bb2 Rg1 43. f4 Qh1 44. Kg3 Re1
45. Qxh7 Re3+ 46. Kg4 f5+ 47. Kg5 Rg3+ 48. Kh4 Rg4+ 0-1

[Event "?"]
[Site "Spring Open Budapest HUN"]
[Date "1998.??.??"]
[Round "?"]
[White "Gara, Anita"]
[Black "Borocz, Istvan"]
[Result "0-1"]
[WhiteElo "2285"]
[BlackElo "2430"]

1. e4 c5 2. Nf3 e6 3. d4 cxd4 4. Nxd4 a6 5. Bd3 Bc5 6. Nb3 Be7 7. O-O d6 8.
Qg4 Bf6 9. Nc3 Nc6 10. f4 Nge7 11. Be3 O-O 12. Rad1 Qc7 13. e5 dxe5 14. Ne4
Ng6 15. Nxf6+ gxf6 16. fxe5 Nxe5 17. Qg3 f5 18. h4 Kh8 19. h5 Ne7 20. Rde1
f6 21. Be2 Bd7 22. Nc5 Rg8 23. Qh4 Raf8 24. Bd4 N7c6 25. Be3 Bc8 26. h6 b6
27. Nxa6 Bxa6 28. Bxa6 Rg4 29. Qh3 Rfg8 30. Rf2 Rg3 31. Qh5 Nb4 32. Bf1 Nd5
33. Bd4 R3g6 34. Qh2 f4 35. Be2 Ne3 36. Qxf4 Nxg2 37. Rxg2 Rxg2+ 38. Kf1
R8g6 39. Bd3 R2g4 40. Qe3 Nxd3 41. Qxd3 Qh2 42. Bf2 Rf4 43. Qe3 Rg1+ 44.
Ke2 Rxf2+ 0-1

[Event "?"]
[Site "TCh-ROM A, Tusnad ROM"]
[Date "2005.??.??"]
[Round "1"]
[White "Chirila, I"]
[Black "Doncea, Vladimir"]
[Result "1/2-1/2"]
[WhiteElo "2335"]
[BlackElo "2380"]

1. e4 c5 2. Nf3 e6 3. d4 cxd4 4. Nxd4 Bc5 5. Nc3 Qb6 6. Be3 Nc6 7. Na4 Qa5+
8. c3 Bxd4 9. Bxd4 Nxd4 10. Qxd4 e5 11. Qc4 d6 12. Qb5+ Qxb5 13. Bxb5+ Ke7
14. b3 Nf6 15. Bd3 Bd7 16. Nb2 Bc6 17. f3 d5 18. exd5 Nxd5 19. Rc1 Rhd8 20.
Kf2 Nf4 21. Rhd1 Nxd3+ 22. Nxd3 f6 23. Nb4 Bd7 24. Nd5+ Kf7 25. c4 Rac8 26.
Ke3 Be6 27. Nc3 Ke7 28. Nb5 a6 29. Nc3 Rxd1 30. Nxd1 b5 31. c5 a5 32. Nf2
Bf5 33. Ne4 Bxe4 34. Kxe4 Ke6 35. a3 Rd8 36. Ke3 b4 37. axb4 axb4 38. c6
Rc8 39. c7 f5 40. Kd3 Kd6 1/2-1/2

[Event "?"]
[Site "Grenoble masters"]
[Date "2002.??.??"]
[Round "?"]
[White "Bolding, Klaus"]
[Black "Masserey, Yvan"]
[Result "0-1"]
[WhiteElo "2375"]
[BlackElo "2340"]

1. e4 c5 2. Nf3 e6 3. d4 cxd4 4. Nxd4 a6 5. Bd3 Bc5 6. Nb3 Be7 7. c4 d6 8.
O-O Nc6 9. Nc3 Nf6 10. f4 O-O 11. Be3 Bd7 12. Rc1 Rb8 13. Qe2 b6 14. h3 g6
15. g4 Re8 16. Qf3 Bc8 17. Rce1 Bb7 18. g5 Nh5 19. Nd5 exd5 20. exd5 Nb4
21. f5 Bxg5 22. fxg6 Bxe3+ 23. Kh1 fxg6 24. Rxe3 Rxe3 25. Qxe3 Nxd3 26.
Qxd3 Qh4 27. Rg1 Nf4 28. Qf3 Nxh3 0-1

[Event "?"]
[Site "Ruhrgebiet VL1"]
[Date "1999.??.??"]
[Round "?"]
[White "Himmel, Hansjoerg"]
[Black "Naiditsch, Arkadij"]
[Result "1/2-1/2"]
[WhiteElo "2290"]
[BlackElo "2425"]

1. e4 c5 2. Nf3 e6 3. d4 cxd4 4. Nxd4 a6 5. Bd3 Bc5 6. Nb3 Be7 7. O-O d6 8.
f4 Nd7 9. a4 Ngf6 10. Nc3 b6 11. Qe2 Qc7 12. Bd2 Bb7 13. Rae1 e5 14. Kh1
O-O 15. fxe5 dxe5 16. Qf3 Rad8 17. Nd1 Nc5 18. Nxc5 bxc5 19. Ne3 Bxe4 20.
Bxe4 Nxe4 21. Qxe4 Rxd2 22. Nc4 Rd4 23. Qxe5 Qxe5 24. Nxe5 Bf6 25. c3 h5
26. Nc4 Rfd8 27. g3 R4d5 1/2-1/2

[Event "?"]
[Site "TCh-HUN"]
[Date "2006.??.??"]
[Round "10"]
[White "Rigo, Zsolt"]
[Black "Prokopishin, Vasily"]
[Result "1/2-1/2"]
[WhiteElo "2400"]
[BlackElo "2315"]

1. e4 c5 2. Nf3 e6 3. d4 cxd4 4. Nxd4 a6 5. Bd3 Bc5 6. Nb3 Be7 7. Be3 d6 8.
N1d2 Nf6 9. Qe2 Nc6 10. f4 Qc7 11. g4 Nd7 12. O-O-O Nc5 1/2-1/2

[Event "?"]
[Site "ESP Ch op-A Cala Mendia"]
[Date "2001.??.??"]
[Round "?"]
[White "Paramos Dominguez, Roberto"]
[Black "Gonzalez de la Torre, Santiago"]
[Result "0-1"]
[WhiteElo "2430"]
[BlackElo "2285"]

1. e4 c5 2. Nf3 e6 3. d4 cxd4 4. Nxd4 a6 5. Bd3 Bc5 6. Nb3 Be7 7. O-O d6 8.
c4 Nf6 9. Nc3 b6 10. f4 Nbd7 11. Qf3 Bb7 12. Be3 h5 13. Rad1 Qc7 14. Qh3 g6
15. f5 gxf5 16. exf5 Rg8 17. fxe6 Rxg2+ 18. Qxg2 Bxg2 19. exd7+ Kxd7 20.
Bf5+ Kc6 21. Kxg2 Kb7 22. Nd5 Qxc4 23. Nxf6 Bxf6 24. Kf3 Re8 25. Rd3 Re5
26. Ke2 Bg5 27. Rf3 Bxe3 28. Rxe3 Rxf5 29. Re7+ Kb8 30. Re8+ Kb7 31. Re7+
Kb8 32. Re8+ Kc7 33. Nd4 Re5+ 0-1

[Event "?"]
[Site "After Holidays(GM)"]
[Date "2003.??.??"]
[Round "?"]
[White "Kreizberg, Michael"]
[Black "Ravia, Mosi"]
[Result "1/2-1/2"]
[WhiteElo "2325"]
[BlackElo "2385"]

1. e4 c5 2. Nf3 e6 3. d4 cxd4 4. Nxd4 Qb6 5. Nc3 Bc5 6. Na4 Qa5+ 7. c3 Be7
8. Nb5 d6 9. Bf4 e5 10. Be3 Nc6 11. Be2 Nf6 12. f3 O-O 13. O-O d5 14. exd5
Nxd5 15. Qxd5 Qxa4 16. Qe4 Qxe4 17. fxe4 a6 18. Nc7 Rb8 19. Nd5 Be6 20.
Rad1 Bd8 21. Rd2 Re8 22. Rfd1 h6 23. a4 Rc8 24. b4 Kh7 25. h3 Bg5 26. Bxg5
hxg5 27. Nb6 Rc7 28. Rd6 Ne7 29. R1d3 Nc8 30. Nxc8 Rexc8 31. Bg4 Bxg4 32.
hxg4 Rxc3 33. Rxc3 Rxc3 34. Rd7 b5 35. Rxf7 bxa4 36. Ra7 Rc4 37. Rxa6 Rxb4
38. Kf2 Rxe4 39. Ra5 Kg6 40. Ra6+ Kf7 41. Ra7+ Ke6 42. Rxg7 Rxg4 43. g3 Kd5
44. Ra7 Rb4 45. Ra5+ Ke6 46. Ra6+ Kf5 47. Ra5 Rb2+ 48. Ke1 Rb3 49. Rxa4
Rxg3 50. Kf2 Rg4 51. Ra8 Rf4+ 52. Kg3 g4 53. Rf8+ Ke4 54. Rg8 Kd5 55. Rd8+
Ke6 56. Rg8 Kf5 57. Rf8+ Ke4 58. Rg8 Rf1 59. Rxg4+ Ke3 60. Kh2 Ra1 61. Rg2
Rd1 62. Kg3 Rd2 63. Rg1 e4 64. Ra1 Rd3 65. Ra2 Rb3 66. Kg2 Kf4 67. Kf2 Rf3+
68. Ke2 Rh3 69. Ra8 1/2-1/2

[Event "?"]
[Site "Internet Tournament, Secti"]
[Date "2003.??.??"]
[Round "?"]
[White "Irena"]
[Black "Tarvo"]
[Result "0-1"]
[WhiteElo "2200"]
[BlackElo "2510"]

1. e4 c5 2. Nf3 e6 3. d4 cxd4 4. Nxd4 a6 5. Bd3 Bc5 6. Nb3 Be7 7. c4 d6 8.
Nc3 Nf6 9. O-O Nbd7 10. Be3 Qc7 11. f4 b6 12. Qf3 Bb7 13. Qg3 g6 14. a4 Nc5
15. Nxc5 bxc5 16. e5 Nh5 17. Qf2 Ng7 18. exd6 Bxd6 19. Be4 Rc8 20. Rad1 Be7
21. a5 Nf5 22. Bxb7 Qxb7 23. Na4 Nxe3 24. Qxe3 O-O 25. Nb6 Rcd8 26. b3 Qc6
27. Qe2 Bf6 28. Rf3 Rxd1+ 29. Qxd1 Bd4+ 30. Kh1 Qe4 31. Nd7 Re8 32. h3 Kg7
33. Qd2 Rd8 0-1

[Event "?"]
[Site "36th Olympiad ;The Week in Che"]
[Date "2004.??.??"]
[Round "10"]
[White "Alzate, Dario"]
[Black "Sirias, D"]
[Result "0-1"]
[WhiteElo "2425"]
[BlackElo "2285"]

1. e4 c5 2. Nf3 e6 3. d4 cxd4 4. Nxd4 a6 5. Bd3 Bc5 6. Nb3 Be7 7. O-O d6 8.
f4 Nc6 9. Nc3 Nf6 10. Qe2 Qc7 11. Bd2 O-O 12. Rae1 g6 13. Kh1 b5 14. a3 Bb7
15. Rf3 Rfe8 16. Ref1 Bf8 17. Nd1 d5 18. e5 Ne4 19. Bc1 Nc5 20. Nxc5 Nd4
21. Qf2 Bxc5 22. Rh3 Nf5 23. Qe1 Qe7 24. Nf2 h5 25. Qe2 Kg7 26. b4 Bb6 27.
Bb2 Rac8 28. Rd1 Red8 29. Ra1 Rc7 30. Qd2 d4 31. Ne4 Ne3 32. Re1 Rdc8 33.
Rexe3 dxe3 34. Qe2 Bxe4 35. Bxe4 Rd8 36. f5 exf5 37. Bd3 Qe6 38. Rg3 f4 39.
Rg5 Bd4 40. Bc1 Bxe5 41. h3 Bf6 42. h4 Bxg5 43. hxg5 Qg4 44. Bb2+ Kg8 0-1

[Event "?"]
[Site "AUT-chT2O"]
[Date "2000.??.??"]
[Round "?"]
[White "Vlcek, Stanislav"]
[Black "Rotstein, Arkadij"]
[Result "0-1"]
[WhiteElo "2250"]
[BlackElo "2460"]

1. e4 c5 2. Nf3 e6 3. d4 cxd4 4. Nxd4 a6 5. Bd3 Bc5 6. Nb3 Be7 7. c4 d6 8.
O-O Nf6 9. Nc3 O-O 10. Be3 Nbd7 11. f4 b6 12. Qe2 Bb7 13. Rad1 Qc7 14. Nd2
Rfe8 15. Bb1 Rac8 16. Kh1 Bf8 17. Bf2 g6 18. Bh4 Nh5 19. e5 dxe5 20. Nde4
f5 21. Qxh5 gxh5 22. Rxd7 fxe4 23. Rxc7 Rxc7 24. Bxe4 exf4 25. Rxf4 Bg7 26.
Bxb7 Rxb7 27. Ne4 Rf8 28. Rxf8+ Kxf8 29. Ng5 Bxb2 30. Nxe6+ Kg8 0-1

[Event "?"]
[Site "Furdo Budapest HUN"]
[Date "1995.??.??"]
[Round "?"]
[White "Payen, Arnaud"]
[Black "Sziebert, Adam"]
[Result "1-0"]
[WhiteElo "2380"]
[BlackElo "2330"]

1. e4 c5 2. Nf3 e6 3. d4 cxd4 4. Nxd4 a6 5. Bd3 Bc5 6. Nb3 Be7 7. Nc3 Nc6
8. O-O Nf6 9. Be3 d6 10. f4 O-O 11. Qf3 Qc7 12. g4 b5 13. g5 Nd7 14. Qh5 b4
15. Ne2 Bb7 16. Rf3 Rfe8 17. Rh3 Nf8 18. f5 exf5 19. exf5 Ne5 20. Nbd4 Nxd3
21. cxd3 Bd8 22. f6 Qa5 23. fxg7 Kxg7 24. Rf1 Qd5 25. Rhf3 Bb6 26. Qxf7+
Kh8 27. Qf6+ Kg8 28. Nf5 Bxe3+ 29. Kg2 Qxf5 30. Qxf5 Re7 31. Kg3 Ng6 32.
Qg4 Ne5 33. Rxe3 Nxg4 34. Rxe7 Bc8 35. Re8+ Kg7 36. Rff8 1-0

[Event "?"]
[Site "Capablanca mem-C"]
[Date "1996.??.??"]
[Round "?"]
[White "Sieiro-Gonzalez, Luis"]
[Black "Garcia, Osmel"]
[Result "1-0"]
[WhiteElo "2375"]
[BlackElo "2335"]

1. e4 c5 2. Nf3 e6 3. d4 cxd4 4. Nxd4 a6 5. Bd3 Bc5 6. Nb3 Bb6 7. Qe2 Nc6
8. Be3 Bc7 9. Nc3 Nf6 10. O-O-O d6 11. f4 Nd7 12. Qh5 Qe7 13. Rhe1 g6 14.
Qh6 Qf8 15. Qh3 Qe7 16. Kb1 b5 17. Nd4 Nb4 18. Bf1 e5 19. Nf3 exf4 20. Bxf4
Ne5 21. Qg3 f6 22. Nd4 Bd7 23. a3 Nbc6 24. Nd5 Qd8 25. Qc3 Ba5 26. b4 Nxd4
27. Qxd4 Bc7 28. Nxc7+ Qxc7 29. Qxd6 Qxd6 30. Rxd6 Ke7 31. Bxe5 fxe5 32.
Rd5 Be6 33. Rxe5 Rac8 34. Rg5 Kf6 35. h4 Rhf8 36. Bd3 Kg7 37. Rf1 Rxf1+ 38.
Bxf1 Bc4 39. Bxc4 Rxc4 40. Re5 Kf6 41. Re8 Kf7 42. Ra8 Rxe4 43. Ra7+ Kg8
44. Rxa6 Rxh4 45. Ra5 Rg4 46. Rxb5 Rxg2 47. a4 Rf2 48. a5 Rf8 49. a6 Ra8
50. Ra5 h5 51. b5 h4 52. Ra4 h3 53. Rh4 Kf7 54. Rxh3 Ke6 55. Rd3 Ra7 56.
Kb2 g5 57. Kb3 g4 58. Kb4 Rg7 59. b6 g3 60. Rxg3 Rxg3 61. a7 Rg4+ 62. c4
1-0

[Event "?"]
[Site "Martinez op-A"]
[Date "2000.??.??"]
[Round "?"]
[White "Ricci, Marco"]
[Black "Delchev, Aleksander"]
[Result "0-1"]
[WhiteElo "2155"]
[BlackElo "2555"]

1. e4 c5 2. Nf3 e6 3. d4 cxd4 4. Nxd4 a6 5. Bd3 Bc5 6. Nb3 Be7 7. O-O d6 8.
Qg4 g6 9. Nc3 Nd7 10. Be3 b6 11. Nd4 Qc7 12. f4 Ngf6 13. Qh3 Bb7 14. Kh1
Nc5 15. Qf3 O-O 16. Nb3 Rac8 17. Bg1 d5 18. Nxc5 bxc5 19. e5 Ne8 20. Qg4
Ng7 21. Rae1 f6 22. Nd1 fxe5 23. fxe5 c4 24. Be2 Qxe5 25. Bxc4 Rxc4 26.
Qxc4 Qxe1 27. Rxf8+ Bxf8 0-1

[Event "?"]
[Site "Adelkis Remon"]
[Date "1998.??.??"]
[Round "?"]
[White "Morales, John A"]
[Black "Larduet, Carlos"]
[Result "1-0"]
[WhiteElo "2315"]
[BlackElo "2395"]

1. e4 c5 2. Nf3 e6 3. d4 cxd4 4. Nxd4 a6 5. Bd3 Bc5 6. Nb3 Be7 7. Nc3 Nc6
8. f4 d6 9. Qf3 Nf6 10. Bd2 Qc7 11. g4 Nd7 12. O-O-O b5 13. Kb1 Bb7 14. g5
Nc5 15. Rhe1 O-O-O 16. Nd5 exd5 17. exd5 Kb8 18. dxc6 Bxc6 19. Qf2 Nxb3 20.
cxb3 Rhe8 21. Bxh7 g6 22. f5 Qb7 23. Qf4 Bf8 24. Ba5 Be4+ 25. Ka1 Bxf5 26.
Bxd8 Rxd8 27. h4 Ka8 28. h5 d5 29. hxg6 fxg6 30. Bg8 Be7 31. Be6 Be4 32.
Qe5 Ka7 33. Qd4+ Kb8 34. Rxe4 dxe4 35. Qxd8+ Bxd8 36. Rxd8+ Ka7 37. Rd7 e3
38. Rxb7+ Kxb7 39. Bg4 Kc6 40. Kb1 Kd5 41. Kc2 Ke4 42. Be2 Kf4 43. Kd3 b4
44. Kd4 a5 45. Kd3 1-0